| 000 | 00691nam a22002177a 4500 | ||
|---|---|---|---|
| 003 | OSt | ||
| 005 | 20231005090237.0 | ||
| 008 | 221006b |||||||| |||| 00| 0 eng d | ||
| 040 | _cBiblioteca Lado V | ||
| 082 |
_a779 _bA257a |
||
| 100 |
_91156 _aSamper, María Adelaida _eeditor |
||
| 130 |
_aAfiche _lspa |
||
| 245 | _aAfiche/ | ||
| 300 |
_c80x106cm _a1p. _buna hoja |
||
| 366 | _eeng | ||
| 650 |
_2Tesauro de Arte & Arquitectura _aARTE _9703 |
||
| 650 |
_2Tesauro de Arte & Arquitectura _aFOTOGRAFÍA _9702 |
||
| 650 |
_2Tesauro de Arte & Arquitectura _aCRITICA _9702 |
||
| 650 |
_2Tesauro de Arte & Arquitectura _aDENUNCIA SOCIAL |
||
| 942 |
_2ddc _c1 _h779 _iA257a _n0 |
||
| 999 |
_c4479 _d4479 |
||